Time to go (Record no. 118228)
[ view plain ]
| 000 -LEADER | |
|---|---|
| fixed length control field | 00964cam a2200241 4500 |
| 001 - CONTROL NUMBER | |
| control field | ABS68385 |
| 008 - FIXED-LENGTH DATA ELEMENTS--GENERAL INFORMATION | |
| fixed length control field | 041027n2004 000 0 eng u |
| 035 ## - SYSTEM CONTROL NUMBER | |
| System control number | (Sirsi) u127828 |
| 100 ## - MAIN ENTRY--PERSONAL NAME | |
| Personal name | Rouse, J. |
| 245 ## - TITLE STATEMENT | |
| Title | Time to go |
| 260 ## - PUBLICATION, DISTRIBUTION, ETC. | |
| Date of publication, distribution, etc. | 2004 |
| 490 ## - SERIES STATEMENT | |
| Series statement | Building |
| Volume/sequential designation | 269(8354) 22 October 2004, 33(1) |
| 520 ## - SUMMARY, ETC. | |
| Summary, etc. | Discusses the possible demolition of 100 000 homes in the Midlands and Northern England, as a result of a decrease in the population of certain areas and the existance of too many houses of the same type. Notes how there are many convincing arguments for and against this plan with no ideal solution to this problem. Argues that in neighbourhoods that are capable of turn around the houses should probably be saved. |
| 590 ## - LOCAL NOTE (RLIN) | |
| Local note | ABS |
| 590 ## - LOCAL NOTE (RLIN) | |
| Local note | ABS |
| 650 ## - SUBJECT ADDED ENTRY--TOPICAL TERM | |
| Topical term or geographic name entry element | HOUSING REPAIR |
| 650 ## - SUBJECT ADDED ENTRY--TOPICAL TERM | |
| Topical term or geographic name entry element | NORTHERN ENGLAND |
| 650 ## - SUBJECT ADDED ENTRY--TOPICAL TERM | |
| Topical term or geographic name entry element | MIDLANDS |
| 650 ## - SUBJECT ADDED ENTRY--TOPICAL TERM | |
| Topical term or geographic name entry element | ENGLISH HERITAGE |
| 650 ## - SUBJECT ADDED ENTRY--TOPICAL TERM | |
| Topical term or geographic name entry element | DEMOLITION |
| 690 ## - LOCAL SUBJECT ADDED ENTRY--TOPICAL TERM (OCLC, RLIN) | |
| Topical term or geographic name as entry element | REGENERATION |
| 942 ## - ADDED ENTRY ELEMENTS (KOHA) | |
| Suppress in OPAC | 0 |
| Withdrawn status | Lost status | Source of classification or shelving scheme | Damaged status | Not for loan | Home library | Current library | Shelving location | Date acquired | Total Checkouts | Full call number | Barcode | Date last seen | Copy number | Price effective from | Koha item type |
|---|---|---|---|---|---|---|---|---|---|---|---|---|---|---|---|
| Dewey Decimal Classification | London | London | Journal article | 27/10/2004 | ABS68385 | 127828-1001 | 06/08/2019 | 1 | 06/08/2019 | Journal article |